| 000 | 00819 a2200253 4500 | ||
|---|---|---|---|
| 003 | OSt | ||
| 005 | 20180116192346.0 | ||
| 008 | 120531t xxu||||| |||| 00| 0 eng d | ||
| 010 | _a 91010548 | ||
| 020 | _a0385262493 : | ||
| 040 | _c0 | ||
| 082 | 0 | 0 | _a307.760 |
| 100 | 1 |
_aGarreau, Joel. _92761 |
|
| 245 | 1 | 0 |
_aEdge city : _blife on the new frontier / _cJoel Garreau. |
| 250 | _a1st ed. | ||
| 260 |
_aNew York : _bDoubleday, _c1991. |
||
| 300 |
_axiv, 546 p. : _bmaps ; _c25 cm. |
||
| 650 | 0 |
_aMetropolitan areas _zUnited States. _92762 |
|
| 650 | 0 |
_aReal estate development _zUnited States. _92763 |
|
| 650 | 0 |
_aLand use, Urban _zUnited States. _92764 |
|
| 650 | 0 |
_aSociology, Urban _zUnited States. _92765 |
|
| 942 |
_aSADA _cBK _k307.760 GAR 1991 _2ddc |
||
| 999 |
_c352762 _d352762 |
||